| Tag |
First Indicator |
Second Indicator |
Subfields |
| LEADER |
00000cam a2200000 a 4500 |
| 001 |
in00000008290 |
| 005 |
20151002090009.0 |
| 007 |
hd afb||||||| |
| 008 |
880209r19711970miua ab 00010 eng d |
| 035 |
|
|
|a (OCoLC)17450481
|
| 035 |
|
|
|9 AAA0668AM
|
| 040 |
|
|
|a TXA
|c TXA
|d UtOrBLW
|
| 043 |
|
|
|a n-us-md
|
| 049 |
|
|
|a TXAI
|
| 099 |
|
|
|a film
|a B
|a 3649
|
| 100 |
1 |
|
|a Kennedy, James J.
|
| 245 |
1 |
2 |
|a A consumer analysis approach to recreational decisions :
|b deer hunter as a case study /
|c by James Joseph Kennedy III.
|
| 264 |
|
1 |
|a [Place of publication not identified] :
|b [publisher not identified] ;
|c 1970.
|
| 300 |
|
|
|a viii, 182 leaves :
|b illustrations
|
| 336 |
|
|
|a text
|b txt
|2 rdacontent
|
| 337 |
|
|
|a microform
|b h
|2 rdamedia
|
| 338 |
|
|
|a microfilm reel
|b hd
|2 rdacarrier
|
| 502 |
|
|
|b Ph. D.
|c Virginia Polytechnic Institute and State University
|d 1970.
|
| 500 |
|
|
|a Vita.
|
| 504 |
|
|
|a Bibliography: leaves 158-164.
|
| 533 |
|
|
|a Microfilm.
|b Ann Arbor, Mich. :
|c University Microfilms,
|d 1971.
|e 1 microfilm reel ; 35 mm.
|
| 500 |
|
|
|a Microform.
|
| 650 |
|
0 |
|a Recreation areas
|x Planning.
|
| 650 |
|
0 |
|a Deer hunting
|z Maryland.
|
| 999 |
|
|
|a MARS
|
| 999 |
f |
f |
|s 4330483a-2e5e-3298-9323-e32070a83c31
|i bef0f9cb-d4f4-3b5e-83d4-7be47651dca9
|t 0
|
| 952 |
f |
f |
|p default
|a Texas A&M University
|b College Station
|c Sterling C. Evans Library
|d Evans: Microforms (3rd floor)
|t 0
|e film B 3649
|h Other scheme
|i microform -- microfilm reel
|
| 998 |
f |
f |
|a film B 3649
|t 0
|l Evans: Microforms (3rd floor)
|